|
|
|
|
| LEADER |
06567nas a2201129 i 4500 |
| 001 |
nkc20051472197 |
| 003 |
CZ PrNK |
| 005 |
20230510114607.0 |
| 007 |
ta |
| 008 |
041104c20049999xr ar 0 b0cze |
| 015 |
|
|
|z cnb001472197
|
| 035 |
|
|
|a (OCoLC)41377612
|
| 040 |
|
|
|a ABA001
|b cze
|d OLA001
|d BOA001
|e rda
|
| 043 |
|
|
|a e-xr---
|
| 045 |
|
|
|a y0y3
|
| 072 |
|
7 |
|a 71
|x Územní plánování. Urbanismus. Památková péče
|2 Konspekt
|9 21
|
| 080 |
|
|
|a 719:061
|2 MRF
|
| 080 |
|
|
|a 719
|2 MRF
|
| 080 |
|
|
|a (437.3)
|2 MRF
|
| 080 |
|
|
|a (047.1)
|2 MRF
|
| 110 |
2 |
|
|a Národní památkový ústav
|7 ko2006325301
|4 aut
|4 isb
|
| 240 |
1 |
0 |
|a Výroční zpráva (Národní památkový ústav)
|7 kon2006374387
|
| 245 |
1 |
0 |
|a Zpráva o činnosti v roce ... /
|c Národní památkový ústav
|
| 246 |
3 |
|
|a Národní památkový ústav - zpráva o činnosti v roce ...
|
| 246 |
3 |
|
|a Zpráva o činnosti v roce ... - Národní památkový ústav
|
| 246 |
3 |
|
|a Zpráva o činnosti za rok ...
|
| 246 |
3 |
|
|a Výroční zpráva za rok ... - Národní památkový ústav
|
| 246 |
3 |
|
|a Výroční zpráva ... - Národní památkový ústav
|
| 246 |
3 |
|
|a Výroční zpráva - Národní památkový ústav ...
|
| 246 |
3 |
|
|a Národní památkový ústav - výroční zpráva ...
|
| 264 |
|
1 |
|a Praha :
|b Národní památkový ústav,
|c 2004-
|
| 300 |
|
|
|a ^^^svazků :
|b ilustrace (převážně barevné) ;
|c 27-30 cm
|
| 310 |
|
|
|a 1x ročně
|
| 336 |
|
|
|a text
|b txt
|2 rdacontent
|
| 337 |
|
|
|a bez média
|b n
|2 rdamedia
|
| 337 |
|
|
|a počítač
|b c
|2 rdamedia
|
| 338 |
|
|
|a svazek
|b nc
|2 rdacarrier
|
| 338 |
|
|
|a počítačový disk
|b cd
|2 rdacarrier
|
| 362 |
0 |
|
|a 2004-
|
| 500 |
|
|
|a U některých ročníků název z obálky
|
| 500 |
|
|
|a Součástí názvu je označení běžného roku
|
| 500 |
|
|
|a Jednotlivé svazky mají ISBN
|
| 500 |
|
|
|a Souborné vydání zpráv o činnosti ústředního a všech územních odborných pracovišť; jednotlivé zprávy vycházejí též samostatně
|
| 500 |
|
|
|a Ročníky 2009-2012 obsahují přílohu CD-ROM
|
| 541 |
|
|
|c pv-r
|
| 610 |
2 |
7 |
|a Národní památkový ústav
|7 ko2006325301
|2 czenas
|
| 648 |
|
7 |
|a 2001-2030
|7 ch1169837
|2 czenas
|
| 648 |
|
7 |
|a 21. století
|7 ch460559
|2 czenas
|
| 650 |
0 |
7 |
|a památkové ústavy
|7 ph138955
|z Česko
|y 21. století
|2 czenas
|
| 650 |
0 |
7 |
|a památková péče
|7 ph123918
|z Česko
|y 21. století
|2 czenas
|
| 650 |
0 |
9 |
|a institutes of preservation of historical monuments
|z Czechia
|y 21st century
|2 eczenas
|
| 650 |
0 |
9 |
|a historic preservation
|z Czechia
|y 21st century
|2 eczenas
|
| 655 |
|
7 |
|a výroční zprávy
|7 fd133860
|2 czenas
|
| 655 |
|
9 |
|a annual reports
|2 eczenas
|
| 780 |
0 |
0 |
|s Výroční zpráva (Státní ústav památkové péče)
|
| 856 |
4 |
1 |
|u http://www.digitalniknihovna.cz/mzk/uuid/uuid:f273ee30-2b9a-11e5-8cc8-005056827e52
|y Digitalizovaný dokument
|x NDK
|
| 902 |
|
|
|a 80-86234-57-6
|q (2004 ;
|q brožováno)
|
| 902 |
|
|
|a 80-86234-74-6
|q (2005 ;
|q brožováno)
|
| 902 |
|
|
|a 978-80-86234-93-9
|q (2006 ;
|q brožováno)
|
| 902 |
|
|
|a 978-80-87104-16-3
|q (2007 ;
|q brožováno)
|
| 902 |
|
|
|a 978-80-87104-43-9
|q (2008 ;
|q brožováno)
|
| 902 |
|
|
|a 978-80-87104-59-0
|q (2009 ;
|q brožováno)
|
| 902 |
|
|
|a 978-80-87104-80-4
|q (2010 ;
|q brožováno)
|
| 902 |
|
|
|a 978-80-87104-06-4
|q (2011 ;
|q brožováno)
|
| 902 |
|
|
|a 978-80-87104-91-0
|q (2012 ;
|q brožováno)
|
| 902 |
|
|
|a 978-80-7480-011-5
|q (2013 ;
|q brožováno)
|
| 902 |
|
|
|a 978-80-7480-024-5
|q (2014 ;
|q brožováno)
|
| 902 |
|
|
|a 978-80-7480-058-0
|q (2015 ;
|q brožováno)
|
| 902 |
|
|
|a 978-80-7480-079-5
|q (2016 ;
|q brožováno)
|
| 902 |
|
|
|a 978-80-7480-105-1
|q (2017 ;
|q brožováno)
|
| 902 |
|
|
|a 978-80-7480-130-3
|q (2018 ;
|q brožováno)
|
| 902 |
|
|
|a 978-80-7480-146-4
|q (2019 ;
|q brožováno)
|
| 902 |
|
|
|a 978-80-7480-154-9
|q (2020 ;
|q brožováno)
|
| 902 |
|
|
|a 978-80-7480-166-2
|q (2021 ;
|q brožováno)
|
| 910 |
2 |
|
|a BOA001
|o 2022
|b 04320-1074.781
|s 2004-2007,2013-2021-
|
| 990 |
|
|
|a SE
|
| 995 |
|
|
|a 11
|
| 991 |
|
|
|b 202208
|
| 996 |
6 |
|
|b 2610341104
|c 04320-1074.781
|d 2004
|v 2004
|y 2004
|l MZK
|r Sklad / do 1 hodiny
|n 0
|p p.v.
|w 000529994
|u 000090
|a 1
|e BOA001
|j MZK50
|s P
|
| 996 |
6 |
|
|b 2610341105
|c 04320-1074.781
|d 2005
|v 2005
|y 2005
|l MZK
|r Sklad / do 1 hodiny
|n 0
|p p.v.
|w 000529994
|u 000100
|a 1
|e BOA001
|j MZK50
|s P
|
| 996 |
6 |
|
|b 2610341106
|c 04320-1074.781
|d 2006
|v 2006
|y 2006
|l MZK
|r Sklad / do 1 hodiny
|n 0
|p p.v.
|w 000529994
|u 000110
|a 1
|e BOA001
|j MZK50
|s P
|
| 996 |
6 |
|
|b 2610344234
|c 04320-1074.781,P
|d 2004
|v 2004
|y 2004
|l MZK
|r Sklad / do 1 hodiny
|n 1
|p p.v.
|w 000529994
|u 000270
|a 1
|e BOA001
|j MZK50
|s P
|
| 996 |
6 |
|
|b 2610344235
|c 04320-1074.781,P
|d 2005
|v 2005
|y 2005
|l MZK
|r Sklad / do 1 hodiny
|n 1
|p p.v.
|w 000529994
|u 000260
|a 1
|e BOA001
|j MZK50
|s P
|
| 996 |
6 |
|
|b 2610344236
|c 04320-1074.781,P
|d 2006
|v 2006
|y 2006
|l MZK
|r Sklad / do 1 hodiny
|n 1
|p p.v.
|w 000529994
|u 000250
|a 1
|e BOA001
|j MZK50
|s P
|
| 996 |
6 |
|
|b 2610351279
|c 04320-1074.781
|d 2007
|v 2007
|y 2007
|l MZK
|r Sklad / do 1 hodiny
|n 2
|p p.v.
|w 000529994
|u 000120
|a 1
|e BOA001
|j MZK50
|s P
|
| 996 |
6 |
|
|b 2610351284
|c 04320-1074.781,P
|d 2007
|v 2007
|y 2007
|l MZK
|r Sklad / do 1 hodiny
|n 0
|p p.v.
|w 000529994
|u 000240
|a 1
|e BOA001
|j MZK50
|s P
|
| 996 |
6 |
|
|b 2610442977
|c 04320-1074.781
|d 2009
|v 2009
|y 2009
|l MZK
|r Sklad / do 1 hodiny
|n 0
|p p.v.
|w 000529994
|u 000130
|a 1
|e BOA001
|j MZK50
|s P
|
| 996 |
6 |
|
|b 2610470292
|c 04320-1074.781
|d 2008
|v 2008
|y 2008
|l MZK
|r Sklad / do 1 hodiny
|n 1
|p p.v.
|w 000529994
|u 000140
|a 1
|e BOA001
|j MZK50
|s P
|
| 996 |
6 |
|
|b 2610598573
|c 04320-1074.781
|d 2013
|v 2013
|y 2013
|l MZK
|r Sklad / do 1 hodiny
|n 0
|p p.v.
|w 000529994
|u 000150
|a 1
|e BOA001
|j MZK50
|s P
|
| 996 |
6 |
|
|b 2610636639
|c 04320-1074.781
|d 2014
|v 2014
|y 2014
|l MZK
|r Sklad / do 1 hodiny
|n 0
|p p.v.
|w 000529994
|u 000160
|a 1
|e BOA001
|j MZK50
|s P
|
| 996 |
6 |
|
|b 2610677466
|c 04320-1074.781
|d 2015
|v 2015
|y 2015
|l MZK
|r Sklad / do 1 hodiny
|n 0
|p p.v.
|w 000529994
|u 000170
|a 1
|e BOA001
|j MZK50
|s P
|
| 996 |
6 |
|
|b 2610716260
|c 04320-1074.781
|d 2016
|v 2016
|y 2016
|l MZK
|r Sklad / do 1 hodiny
|n 0
|p p.v.
|w 000529994
|u 000180
|a 1
|e BOA001
|j MZK50
|s P
|
| 996 |
6 |
|
|b 2610752150
|c 04320-1074.781
|d 2017
|v 2017
|y 2017
|l MZK
|r Sklad / do 1 hodiny
|n 0
|p p.v.
|w 000529994
|u 000190
|a 1
|e BOA001
|j MZK50
|s P
|
| 996 |
6 |
|
|b 2610788975
|c 04320-1074.781
|d 2018
|v 2018
|y 2018
|l MZK
|r Sklad / do 1 hodiny
|n 0
|p p.v.
|w 000529994
|u 000200
|a 1
|e BOA001
|j MZK50
|s P
|
| 996 |
6 |
|
|b 2610832575
|c 04320-1074.781
|d 2019
|v 2019
|y 2019
|l MZK
|r Sklad / do 1 hodiny
|n 0
|p p.v.
|w 000529994
|u 000210
|a 1
|e BOA001
|j MZK50
|s P
|
| 996 |
6 |
|
|b 2610877146
|c 04320-1074.781
|d 2020
|v 2020
|y 2020
|l MZK
|r Sklad / do 1 hodiny
|n 0
|p p.v.
|w 000529994
|u 000220
|a 1
|e BOA001
|j MZK50
|s P
|
| 996 |
6 |
|
|b 2610909617
|c 04320-1074.781
|d 2021
|v 2021
|y 2021
|l MZK
|r Sklad / do 1 hodiny
|n 0
|p p.v.
|w 000529994
|u 000230
|a 1
|e BOA001
|j MZK50
|s P
|